000 00435nam a2200181Ia 4500
001 14383
005 20260306164910.0
008 260306t2016||||xx |||||||||||||| ||spa||
041 _aESP
082 _a512.5
_bL519 2016
100 _aLay, David C.
_eAUT
245 0 _aÁlgebra lineal y sus aplicaciones
260 _c2016
300 _axv, 494 páginas :
_c27 cm.
650 _aGEN
654 _aCMA
942 _cLIB
_dJUS
_fJUS
_2ddc
_n
999 _c14383
_d14383